Music Quiz

Random Music or German Quiz
Score 0/71 Timer 13:00
0 Plays Today
Album Song % Correct
AutobahnAutobahn
96%
RadioactivityRadioactivity
92.6%
Trans Europe ExpressTrans Europe Express
91.3%
The Man MachineThe Model
88.7%
The Man MachineThe Man Machine
87.3%
Computer WorldComputer World
87.3%
Tour De France SoundtracksTour De France
87.3%
The Man MachineThe Robots
84.7%
Computer WorldComputer Love
83.1%
Computer WorldPocket Calculator
82.1%
The Man MachineNeon Lights
76.3%
Electric CafeElectric Cafe
73%
Computer WorldNumbers
72.8%
Trans Europe ExpressShowroom Dummies
71.8%
Trans Europe ExpressEurope Endless
71%
Trans Europe ExpressHall Of Mirrors
69.6%
The Man MachineMetropolis
66.8%
Trans Europe ExpressMetal On Metal
66.6%
The Man MachineSpacelab
65.8%
RadioactivityOhm Sweet Ohm
65.2%
Computer WorldHome Computer
64.4%
Computer WorldIt's More Fun To Compute
63%
Trans Europe ExpressEndless Endless
62.4%
Tour De France SoundtracksVitamin
62%
Electric CafeMusic Non Stop
61.6%
Electric CafeThe Telephone Call
61.6%
RadioactivityGeiger Counter
61%
Trans Europe ExpressFranz Schubert
60%
Computer WorldComputer World 2
58.8%
Electric CafeSex Object
56.7%
Electric CafeBoing Boom Tschak
54.1%
AutobahnKometenmelodie 2
53.7%
AutobahnKometenmelodie 1
53.3%
Electric CafeTechnopop
53.3%
Tour De France SoundtracksTour De France Etape 1
52.3%
Tour De France SoundtracksTour De France Etape 2
52.1%
Album Song % Correct
Tour De France SoundtracksTour De France Etape 3
51.5%
AutobahnMitternacht
50.7%
Tour De France SoundtracksAerodynamik
50.7%
RadioactivityAntenna
49.5%
RadioactivityAirwaves
48.9%
KraftwerkRuckzuck
48.7%
AutobahnMorgenspaziergang
47.9%
RadioactivityNews
45.5%
Tour De France SoundtracksElektro Kardiogramm
44.9%
Tour De France SoundtracksPrologue
44.5%
Kraftwerk 2Klingklang
43.5%
RadioactivityRadioland
43.5%
RadioactivityUranium
43.5%
Tour De France SoundtracksChrono
43.1%
RadioactivityIntermission
40.6%
RadioactivityThe Voice Of Energy
40%
RadioactivityRadio Stars
39.2%
Tour De France SoundtracksLa Forme
39.2%
Ralf and FlorianTanzmusik
38.8%
RadioactivityTransistor
38%
Tour De France SoundtracksRegeneration
35.4%
Ralf and FlorianAnanas Symphonie
34.6%
Tour De France SoundtracksTitanium
34.4%
KraftwerkVom Himmel Hoch
30%
KraftwerkStratovarius
29.2%
Kraftwerk 2Atem
29.2%
Kraftwerk 2Strom
28.8%
Ralf and FlorianKristallo
28.8%
KraftwerkMegaherz
28.4%
Kraftwerk 2Spule 4
25.8%
Ralf and FlorianTongebirge
25%
Ralf and FlorianElektrisches Roulette
24.3%
Ralf and FlorianHeimatklänge
24.1%
Kraftwerk 2Wellenlänge
23.3%
Kraftwerk 2Harmonika
23.3%
Remove Ads.
Support Sporcle.
Get the best of Sporcle when you Go Orange. This ad-free experience offers more features, more stats, and more fun while also helping to support Sporcle. Thank you for becoming a member.

You're not logged in!

Compare scores with friends on all Sporcle quizzes.
OR
Log In

Show Comments

Extras

Top Quizzes Today


Score Distribution

Your Account Isn't Verified!

In order to create a playlist on Sporcle, you need to verify the email address you used during registration. Go to your Sporcle Settings to finish the process.

Report this User

Report this user for behavior that violates our Community Guidelines.

Details: